| 000 | 00462nam a2200181Ia 4500 | ||
|---|---|---|---|
| 005 | 20250423101625.0 | ||
| 008 | 250422s9999 xx 000 0 und d | ||
| 020 | _a9780321694591 | ||
| 050 | _aQA 303 .2 .H373/ | ||
| 100 | _aHass, Joel. | ||
| 245 | 0 | _aUniversity calculus : early transcendentals | |
| 250 | _a2nd ed. | ||
| 260 | _aBoston | ||
| 260 | _bPearson Education | ||
| 260 | _c2011 | ||
| 650 | _aCalculus. Transcendental functions. | ||
| 942 | _cBK | ||
| 999 |
_c36789 _d36789 |
||